Administración de recursos humanos con Microsoft Access y Excel (Registro nro. 127)

Detalles MARC
000 -LEADER
fixed length control field 00980 a2200253 4500
001 - CONTROL NUMBER
control field 166
005 - DATE AND TIME OF LATEST TRANSACTION
control field 20260407155414.0
008 - FIXED-LENGTH DATA ELEMENTS--GENERAL INFORMATION
fixed length control field 260407a2003 arg spa d
003 - CONTROL NUMBER IDENTIFIER
control field AR-UNSa-BCEJYS
040 ## - CATALOGING SOURCE
Original cataloging agency AR-UNSa-BCEJYS
Language of cataloging spa
Transcribing agency AR-UNSa-BCEJYS
080 ## - UNIVERSAL DECIMAL CLASSIFICATION NUMBER
Universal Decimal Classification number 004.67*E:658
Common auxiliary subdivision Excel para Administración de Empresas
020 ## - INTERNATIONAL STANDARD BOOK NUMBER
International Standard Book Number 987-1046-03-0
041 ## - LANGUAGE CODE
Language code of text/sound track or separate title spa
100 1# - MAIN ENTRY--PERSONAL NAME
Personal name García Fronti, Inés M.
245 10 - TITLE STATEMENT
Title Administración de recursos humanos con Microsoft Access y Excel
264 #1 - PRODUCTION, PUBLICATION, DISTRIBUTION, MANUFACTURE, AND COPYRIGHT NOTICE
Place of production, publication, distribution, manufacture Buenos Aires :
Name of producer, publisher, distributor, manufacturer Omicron System
Date of production, publication, distribution, manufacture, or copyright notice 2003
300 ## - PHYSICAL DESCRIPTION
Extent 235 p.
Dimensions 23 cm
505 ## - FORMATTED CONTENTS NOTE
Formatted contents note 1. Gestión de RRHH por medio de la administración de sus competencias - 2. Capacitación - 3. Herramientas de Gestión de RRHH
590 ## - LOCAL NOTE (RLIN)
Local note niveau_biblio:m niveau_hierar:0
700 1# - ADDED ENTRY--PERSONAL NAME
Personal name Gaito, Horacio
700 1# - ADDED ENTRY--PERSONAL NAME
Personal name García Fronti, Javier I.
856 41 - ELECTRONIC LOCATION AND ACCESS
Uniform Resource Identifier <a href="https://biblioeco.unsa.edu.ar/pmb/images/libros/Administracion de Recursos Humanos (gaito).jpg">https://biblioeco.unsa.edu.ar/pmb/images/libros/Administracion de Recursos Humanos (gaito).jpg</a>
Link text Imagen de portada
Electronic format type image/jpeg
942 ## - ADDED ENTRY ELEMENTS (KOHA)
Koha item type
Existencias
Withdrawn status Lost status Damaged status Not for loan Home library Current library Shelving location Date acquired Total checkouts Full call number Barcode Date last seen Price effective from Koha item type
        Biblioteca Prof. Eusebio Cleto del Rey Biblioteca Prof. Eusebio Cleto del Rey   07/04/2026   004.67*E:658 G144 L117452 07/04/2026 07/04/2026 Libro